000
00324nam a2200133Ia 4500
008
231129s1986||||xx |||||||||||||| ||spa||
040
_b
spa
082
_a
Co861 V712d
100
_a
Villa Jimenez Joaquin
245
0
_a
Despues del olvido
260
_c
1986
264
_a
Secretaria de Educacion y Cultura
942
_2
ddc
_c
BKS
999
_c
9141
_d
9141